000 00851nam a2200277 a 4500
001 17358
003 BD-RjUL
005 20211209000127.0
008 140216s1983 nju 001 0 eng
020 _a0136935230 (pbk.)
020 _a0136935311 (hard)
035 _a(BD-RjUL)17416
040 _aDLC
_cDLC
_dBD-RjUL
_beng
041 _aeng
082 0 0 _a659.2
_219
_bBLP 1983
100 1 _aBlack, Sam
_d1915-
_953495
245 1 0 _aPractical public relations :
_bcommon-sense guidelines for business and professional people /
_cSam Black, Melvin L. Sharpe.
260 _aEnglewood Cliffs ; N.J. :
_bPrentice Hall,
_cc1983.
300 _aix, 214 p. ;
_c23 cm.
504 _aIncludes index.
650 0 _aPublic relations.
_953496
700 1 _aSharpe, Melvin L.
_953497
942 _2ddc
_cBK
999 _c17358
_d17358